Anything but France Quiz Stats

 Plays Quiz Updated Nov 8, 2018

Challenge
Share
Tweet
Embed
Score 0/26 Timer 05:00
1 Play Today
Hint Answer % Correct
Border ItalySwitzerland
91.8%
Have French as an official language and are located in EuropeSwitzerland
91.7%
Have active 'Nuclear-weapons'**United States
91.6%
Have active 'Nuclear-weapons'**Russia
87%
Border ItalyAustria
84.3%
Have active 'Nuclear-weapons'**United Kingdom
84.1%
Have active 'Nuclear-weapons'**China
82%
Have French as an official language and are located in EuropeBelgium
81.6%
Begin with the letter 'F'Finland
81.2%
Have only one syllable*Spain
80%
Border ItalyVatican City
75.1%
Have active 'Nuclear-weapons'**North Korea
72.8%
Have French as an official language and are located in EuropeMonaco
72.1%
Hint Answer % Correct
Have active 'Nuclear-weapons'**India
72%
Have French as an official language and are located in EuropeLuxembourg
72%
Begin with the letter 'F'Fiji
70.7%
Border ItalySan Marino
69.7%
Border ItalySlovenia
67.7%
Have active 'Nuclear-weapons'**Pakistan
63.2%
Have a capital city beginning with 'Pa'Panama (Panama City)
59.1%
Have only one syllable*Chad
57%
Have active 'Nuclear-weapons'**Israel
53.6%
Have only one syllable*Greece
52.5%
Have only one syllable*Laos
42.8%
Have a capital city beginning with 'Pa'Suriname (Paramaribo)
26.4%
Have a capital city beginning with 'Pa'Micronesia (Palikir)
13.3%

You're not logged in!

Compare scores with friends on all Sporcle quizzes.
OR
Log In

You Might Also Like...

Show Comments

Extras

Top Quizzes Today


Score Distribution

Your Account Isn't Verified!

In order to create a playlist on Sporcle, you need to verify the email address you used during registration. Go to your Sporcle Settings to finish the process.

Report this User

Report this user for behavior that violates our Community Guidelines.

Details: